00303nam a2200121Ia 4500008004100000082001700041100002300058245004100081250000800122260002400130300001000154650001700164150201s2008 xx 000 0 und d a616.01bC08M aMAHESHWARI , NANDA aCLINICAL MICROBIOLOGY & PARASITOLOGY a2ND bJAYPEEaDELHIc2008 a1-296 aMICROBIOLOGY